[Event "HUN-chT2 Asztalos 1819"]
[Site "Hungary"]
[Date "2018.12.02"]
[Round "3.10"]
[White "Ronai, Akos Balazs"]
[Black "Kozak, Tibor"]
[Result "1-0"]
[WhiteElo "1706"]
[BlackElo "1793"]
[PlyCount "95"]
[EventDate "2018.10.28"]
[EventType "team-tourn"]
[EventRounds "9"]
[EventCountry "HUN"]
[SourceTitle "CBM 189 Extra"]
[Source "ChessBase"]
[SourceDate "2019.06.03"]
[SourceVersion "1"]
[SourceVersionDate "2019.06.03"]
[SourceQuality "1"]
[WhiteTeam "Karmin"]
[BlackTeam "Sarosd"]
[WhiteTeamCountry "HUN"]
[BlackTeamCountry "HUN"]

1. e4 c5 2. c4 Nc6 3. Nc3 g6 4. d3 Bg7 5. a3 e6 6. Be3 b6 7. Qc2 Nge7 8. Nf3 0-0 9. Rd1 Nd4 10. Bxd4 cxd4 11. Nb1 d6 12. Be2 e5 13. Nbd2 f5 14. 0-0 f4 15. h3 Bf6 16. Nh2 h5 17. Rfe1 Be6 18. Rc1 Kg7 19. Bf3 Ng8 20. Kf1 Nh6 21. Ke2 Nf7 22. Rh1 Ng5 23. Rcg1 Kf7 24. Ke1 Nxf3+ 25. Nhxf3 g5 26. g4 hxg4 27. hxg4 Rh8 28. Rxh8 Qxh8 29. Nf1 Qh3 30. N3h2 b5 31. b3 Rc8 32. f3 bxc4 33. dxc4 d5 34. exd5 Bxd5 35. Qf5 Be6 36. Qe4 Rc7 37. Kf2 Qh4+ 38. Kg2 Qh8 39. Nd2 Be7 40. b4 Kf6 41. c5 Kf7 42. Nhf1 Bf6 43. Rh1 Qg8 44. Rh7+ Bg7 45. Qxe5 Qxh7 46. Qxc7+ Kf8 47. Qd8+ Kf7 48. Ne4 1-0

[Event "HUN-chT2 Asztalos 1718"]
[Site "Hungary"]
[Date "2018.05.06"]
[Round "9.5"]
[White "Konig, Balazs"]
[Black "Kozak, Tibor"]
[Result "1-0"]
[WhiteElo "2124"]
[BlackElo "1802"]
[PlyCount "79"]
[EventDate "2017.10.29"]
[EventType "team-tourn"]
[EventRounds "9"]
[EventCountry "HUN"]
[SourceTitle "EXT 2021"]
[Source "ChessBase"]
[SourceDate "2020.10.23"]
[SourceVersion "1"]
[SourceVersionDate "2020.10.23"]
[SourceQuality "1"]
[WhiteTeam "Nagyatad"]
[BlackTeam "Sarosd"]
[WhiteTeamCountry "HUN"]
[BlackTeamCountry "HUN"]

1. d4 d5 2. c4 c6 3. Nf3 Nf6 4. Nc3 e6 5. Bg5 Be7 6. e3 Nbd7 7. Rc1 0-0 8. Bd3 dxc4 9. Bxc4 Nd5 10. Bxe7 Qxe7 11. 0-0 Nxc3 12. Rxc3 c5 13. Qe2 b6 14. Rfc1 Bb7 15. Bb5 Rfd8 16. dxc5 Nxc5 17. a3 e5 18. b4 Bxf3 19. Qxf3 e4 20. Qe2 Nd3 21. Bxd3 exd3 22. Rxd3 g6 23. Rcd1 Rac8 24. h3 a5 25. bxa5 bxa5 26. Qg4 Rb8 27. h4 Rxd3 28. Rxd3 Rd8 29. Rxd8+ Qxd8 30. Qd4 Qc7 31. a4 h5 32. e4 Qe7 33. e5 Kh7 34. g3 Qb4 35. Qd5 Qxa4 36. Qxf7+ Kh6 37. e6 Qd1+ 38. Kh2 Qd5 39. Qf8+ Kh7 40. e7 1-0

[Event "HUN-chT2 Asztalos 1516"]
[Site "Hungary"]
[Date "2016.03.20"]
[Round "9.8"]
[White "Kozak, Tibor"]
[Black "Papp, Csaba"]
[Result "1/2-1/2"]
[WhiteElo "1730"]
[BlackElo "1984"]
[PlyCount "118"]
[EventDate "2015.09.13"]
[EventType "team-tourn"]
[EventRounds "11"]
[EventCountry "HUN"]
[SourceTitle "EXT 2017"]
[Source "ChessBase"]
[SourceDate "2016.10.25"]
[SourceVersion "1"]
[SourceVersionDate "2016.10.25"]
[SourceQuality "1"]
[WhiteTeam "Sarosd"]
[BlackTeam "Decs 1990 II"]
[WhiteTeamCountry "HUN"]
[BlackTeamCountry "HUN"]

1. e4 e5 2. Nf3 f5 3. exf5 Qf6 4. d4 e4 5. Ne5 Qxf5 6. Bc4 Nc6 7. g4 Qf6 8. Nf7 Nxd4 9. Nxh8 Nf3+ 10. Kf1 c6 11. Bxg8 d5 12. h3 b6 13. Bxd5 Ba6+ 14. c4 0-0-0 15. Qa4 Kb7 16. Bxc6+ Qxc6 17. Qxc6+ Kxc6 18. Kg2 Bxc4 19. Nc3 Bd6 20. Rd1 Nh4+ 21. Kh1 Rxh8 22. Be3 Bd3 23. Rac1 Kb7 24. Rxd3 exd3 25. Rd1 Rf8 26. Rxd3 Kc6 27. Bd4 Rf4 28. Ne2 Re4 29. Re3 Rxe3 30. fxe3 g6 31. Nc3 a6 32. Bf6 Nf3 33. Kg2 Ne1+ 34. Kf1 Nd3 35. Nd1 Kd5 36. a3 Ke4 37. Nf2+ Nxf2 38. Kxf2 Bc5 39. Bg5 a5 40. Ke2 a4 41. Bh6 Be7 42. Bg7 b5 43. Bd4 Bh4 44. Bc3 Bg5 45. Bd4 Bh6 46. Kf2 Kd3 47. Kf3 Bg5 48. Kf2 Ke4 49. Ke2 Bh4 50. Bg7 Be7 51. Bd4 b4 52. axb4 Bxb4 53. Kf2 Bd2 54. Ke2 Bc1 55. Kf2 Kd3 56. Kf3 g5 57. Kf2 Kc2 58. e4 Kd3 59. e5 a3 1/2-1/2

[Event "HUN-chT2 Asztalos 1516"]
[Site "Hungary"]
[Date "2015.10.04"]
[Round "2.6"]
[White "Wolosz, Janos"]
[Black "Kozak, Tibor"]
[Result "1/2-1/2"]
[WhiteElo "2056"]
[BlackElo "1735"]
[PlyCount "106"]
[EventDate "2015.09.13"]
[EventType "team-tourn"]
[EventRounds "11"]
[EventCountry "HUN"]
[SourceTitle "CBM 170 Extra"]
[Source "ChessBase"]
[SourceDate "2016.02.25"]
[SourceVersion "1"]
[SourceVersionDate "2016.02.25"]
[SourceQuality "1"]
[WhiteTeam "Szentlorinc"]
[BlackTeam "Sarosd"]
[WhiteTeamCountry "HUN"]
[BlackTeamCountry "HUN"]

1. d4 d5 2. Nf3 Nf6 3. Bg5 Nbd7 4. Nbd2 e6 5. e3 Be7 6. Bd3 0-0 7. 0-0 b6 8. c3 c5 9. Qe2 Bb7 10. a4 a6 11. Rfe1 Re8 12. Rad1 Qc7 13. Bf4 Bd6 14. Bxd6 Qxd6 15. e4 dxe4 16. Nxe4 Nxe4 17. Bxe4 Bxe4 18. Qxe4 Nf6 19. Qh4 Red8 20. Ne5 Qc7 21. Ng4 Nxg4 22. Qxg4 cxd4 23. Rxd4 Rxd4 24. Qxd4 Rd8 25. Qe4 h6 26. g3 g6 27. Re2 h5 28. h4 Kg7 29. Kg2 Rd1 30. Rc2 Qd6 31. Re2 Ra1 32. Re1 Rxe1 33. Qxe1 Qc6+ 34. Kh2 Qxa4 35. Qe5+ Kh7 36. Qc7 Kg7 37. Qxb6 e5 38. b3 Qa2 39. c4 a5 40. Qe3 f6 41. Kg2 Kf7 42. Qc3 a4 43. bxa4 Qxa4 44. c5 Qc6+ 45. Kh2 Ke6 46. Qb3+ Ke7 47. Qc2 f5 48. Qc3 Ke6 49. Qb4 Kd5 50. Qd2+ Kxc5 51. Qg5 Kd5 52. Qd2+ Ke6 53. Qh6 Kd5 1/2-1/2

[Event "HUN-chT2 Asztalos 1516"]
[Site "Hungary"]
[Date "2015.09.13"]
[Round "1.5"]
[White "Kozak, Tibor"]
[Black "Ferencz, Miklos"]
[Result "1/2-1/2"]
[WhiteElo "1727"]
[BlackElo "2096"]
[PlyCount "84"]
[EventDate "2015.09.13"]
[EventType "team-tourn"]
[EventRounds "11"]
[EventCountry "HUN"]
[SourceTitle "CBM 170 Extra"]
[Source "ChessBase"]
[SourceDate "2016.02.25"]
[SourceVersion "1"]
[SourceVersionDate "2016.02.25"]
[SourceQuality "1"]
[WhiteTeam "Sarosd"]
[BlackTeam "Nagyatad"]
[WhiteTeamCountry "HUN"]
[BlackTeamCountry "HUN"]

1. e4 c5 2. Nf3 d6 3. d4 cxd4 4. Nxd4 Nf6 5. Nc3 a6 6. Bg5 e6 7. f4 Be7 8. Qf3 h6 9. Bxf6 Bxf6 10. 0-0-0 Qc7 11. g4 Bd7 12. h4 Nc6 13. Nde2 0-0-0 14. g5 Be7 15. Bg2 Kb8 16. Kb1 Qb6 17. Rhf1 Rc8 18. Qg3 g6 19. Bh3 hxg5 20. hxg5 Qc7 21. Rh1 b5 22. Rc1 Na5 23. f5 gxf5 24. exf5 Rhg8 25. g6 b4 26. Nd1 fxg6 27. fxe6 Bc6 28. Rf1 Bb5 29. Rf2 Qd8 30. Ne3 Bh4 31. Qg2 Bc6 32. Qg1 Bxf2 33. Qxf2 Qe7 34. Nd4 Bb7 35. Qd2 Nc4 36. Nxc4 Rxc4 37. b3 Rc3 38. Bg2 Bxg2 39. Qxg2 Qb7 40. Qh2 Qe7 41. Rf1 Rf8 42. Rf7 Rxf7 1/2-1/2

[Event "HUN-chT2 Asztalos 1415"]
[Site "Hungary"]
[Date "2015.03.01"]
[Round "7.11"]
[White "Kozak, Tibor"]
[Black "Follardt, Lorinc"]
[Result "1/2-1/2"]
[WhiteElo "1603"]
[BlackElo "1444"]
[PlyCount "59"]
[EventDate "2014.10.12"]
[EventType "team-tourn"]
[EventRounds "9"]
[EventCountry "HUN"]
[SourceTitle "EXT 2016"]
[Source "ChessBase"]
[SourceDate "2015.10.08"]
[SourceVersion "1"]
[SourceVersionDate "2015.10.08"]
[SourceQuality "1"]
[WhiteTeam "Fehervar"]
[BlackTeam "Baja Spartacus"]
[WhiteTeamCountry "HUN"]
[BlackTeamCountry "HUN"]

1. e4 e5 2. Nf3 Nc6 3. Bb5 Nf6 4. 0-0 Bc5 5. c3 0-0 6. d4 exd4 7. cxd4 Bb6 8. Nc3 Ne7 9. Bg5 Ne8 10. Nd5 f6 11. Nxb6 axb6 12. Be3 c6 13. Bd3 d5 14. Qc2 dxe4 15. Bc4+ Kh8 16. Qxe4 Nd6 17. Qc2 Nxc4 18. Qxc4 Qd5 19. Qb4 Qd8 20. a3 Be6 21. Rfc1 Nd5 22. Qd2 Qd6 23. Ne1 Rad8 24. Rd1 Rfe8 25. Nd3 Bg4 26. Re1 Nxe3 27. fxe3 c5 28. Nf2 Bh5 29. Qc3 h6 30. dxc5 1/2-1/2

[Event "HUN-chT2 Breyer 1213"]
[Site "Hungary"]
[Date "2013.03.03"]
[Round "8.10"]
[White "Kozak, Tibor"]
[Black "Andahazy, Kolos"]
[Result "0-1"]
[WhiteElo "1767"]
[BlackElo "1827"]
[PlyCount "120"]
[EventDate "2012.09.16"]
[EventType "team-tourn"]
[EventRounds "11"]
[EventCountry "HUN"]
[SourceTitle "EXT 2014"]
[Source "ChessBase"]
[SourceDate "2013.11.20"]
[SourceVersion "1"]
[SourceVersionDate "2013.11.20"]
[SourceQuality "1"]
[WhiteTeam "MAV Elore"]
[BlackTeam "Biatorbagy"]
[WhiteTeamCountry "HUN"]
[BlackTeamCountry "HUN"]

1. e4 e5 2. Nf3 Nc6 3. Bb5 a6 4. Ba4 Nf6 5. 0-0 Be7 6. Re1 b5 7. Bb3 0-0 8. d4 d6 9. c3 Bb7 10. Nbd2 Nd7 11. Nf1 Na5 12. Bc2 c5 13. Ne3 Nc4 14. Nf5 cxd4 15. cxd4 Rc8 16. b3 Ncb6 17. Bb2 exd4 18. Nxe7+ Qxe7 19. Qxd4 f6 20. Rac1 Rc6 21. Bb1 Rfc8 22. Ba3 Nc5 23. Nd2 Qe5 24. Nf3 Qe7 25. Rcd1 Qc7 26. Bb2 Ne6 27. Qd3 b4 28. Nd4 Nxd4 29. Qxd4 a5 30. Bd3 Kf8 31. Qe3 Kg8 32. Bd4 a4 33. Bb5 Qd8 34. Bxc6 Rxc6 35. Rc1 Rxc1 36. Rxc1 Nd7 37. Rc4 Qa5 38. f3 Ba6 39. Rc1 Qb5 40. h3 Kf8 41. Qd2 axb3 42. axb3 Ne5 43. Bxe5 dxe5 44. Rc4 Qb6+ 45. Kh2 Bxc4 46. bxc4 b3 47. Qd7 b2 48. Qc8+ Kf7 49. Qd7+ Kg6 50. Qg4+ Kh6 51. Qh4+ Kg6 52. Qg4+ Kf7 53. Qd7+ Kf8 54. Qc8+ Ke7 55. c5 Qa7 56. Qc6 b1Q 57. Qd6+ Kf7 58. Qd5+ Kg6 59. c6 Qag1+ 60. Kg3 Qbe1+ 0-1

[Event "HUN-chT2 Breyer 1213"]
[Site "Hungary"]
[Date "2013.01.27"]
[Round "7.11"]
[White "Kozak, Tibor"]
[Black "Kovacs, Milan"]
[Result "0-1"]
[WhiteElo "1767"]
[BlackElo "1762"]
[PlyCount "88"]
[EventDate "2012.09.16"]
[EventType "team-tourn"]
[EventRounds "11"]
[EventCountry "HUN"]
[SourceTitle "EXT 2014"]
[Source "ChessBase"]
[SourceDate "2013.11.20"]
[SourceVersion "1"]
[SourceVersionDate "2013.11.20"]
[SourceQuality "1"]
[WhiteTeam "MAV Elore"]
[BlackTeam "Kisber Aszar"]
[WhiteTeamCountry "HUN"]
[BlackTeamCountry "HUN"]

1. e4 e5 2. Nf3 Nc6 3. Bb5 Bc5 4. 0-0 Nge7 5. c3 Bb6 6. d4 exd4 7. cxd4 a6 8. Ba4 d5 9. e5 Bg4 10. Be3 0-0 11. h3 Bxf3 12. gxf3 Nf5 13. Bxc6 bxc6 14. Kh2 f6 15. Qd3 fxe5 16. dxe5 Nh4 17. f4 Ng6 18. Rg1 Qd7 19. Rg4 Rf5 20. Nc3 Raf8 21. Ne2 Rh5 22. Rag1 c5 23. R1g3 a5 24. Ng1 Kh8 25. Nf3 c4 26. Qd1 d4 27. Bc1 d3 28. Be3 Nxf4 29. Rxf4 Rxf4 30. Bxf4 Bxf2 31. Ng1 Bxg3+ 32. Kxg3 g6 33. h4 Rf5 34. Nf3 Rf8 35. Qd2 h5 36. Nh2 Qd4 37. Nf3 Qd7 38. Nh2 Qf5 39. Nf3 Qg4+ 40. Kf2 Qxf4 41. Qd1 Qxh4+ 42. Ke3 Qf4+ 43. Kf2 d2 44. Qe2 Qxf3+ 0-1

[Event "HUN-chT2 Breyer 1213"]
[Site "Hungary"]
[Date "2013.01.27"]
[Round "6.11"]
[White "Papp, Andras"]
[Black "Kozak, Tibor"]
[Result "1-0"]
[WhiteElo "1864"]
[BlackElo "1767"]
[PlyCount "81"]
[EventDate "2012.09.16"]
[EventType "team-tourn"]
[EventRounds "11"]
[EventCountry "HUN"]
[SourceTitle "EXT 2014"]
[Source "ChessBase"]
[SourceDate "2013.11.20"]
[SourceVersion "1"]
[SourceVersionDate "2013.11.20"]
[SourceQuality "1"]
[WhiteTeam "Gyor Komszomol"]
[BlackTeam "MAV Elore"]
[WhiteTeamCountry "HUN"]
[BlackTeamCountry "HUN"]

1. e4 c5 2. c3 Nf6 3. e5 Nd5 4. d4 cxd4 5. cxd4 Nc6 6. Nc3 Nxc3 7. bxc3 d6 8. exd6 Qxd6 9. Nf3 e6 10. Bb5 Bd7 11. 0-0 Be7 12. a4 Qc7 13. Re1 a6 14. Bd3 0-0 15. Rb1 Rab8 16. Bd2 Bf6 17. Ng5 Bxg5 18. Bxg5 f6 19. Qh5 f5 20. Re3 g6 21. Qh4 Rbe8 22. Rh3 Rf7 23. Bf6 Ref8 24. Qh6 Bc8 25. Qxg6+ Rg7 26. Qxg7+ Qxg7 27. Bxg7 Kxg7 28. f4 Ne7 29. Bc4 Ng6 30. Rf3 h5 31. g3 h4 32. Re3 Re8 33. Rb6 hxg3 34. hxg3 Nf8 35. d5 e5 36. Rxe5 Rxe5 37. fxe5 Nd7 38. Re6 Kf7 39. d6 Nb6 40. Re7+ Kf8 41. Rc7 1-0

[Event "HUN-chT2 Breyer 1112"]
[Site "Hungary"]
[Date "2012.05.06"]
[Round "10.11"]
[White "Pilis, Peter"]
[Black "Kozak, Tibor"]
[Result "1-0"]
[WhiteElo "1753"]
[BlackElo "1796"]
[PlyCount "96"]
[EventDate "2011.09.25"]
[EventType "team-tourn"]
[EventRounds "11"]
[EventCountry "HUN"]
[SourceTitle "EXT 2013"]
[Source "ChessBase"]
[SourceDate "2012.11.22"]
[SourceVersion "1"]
[SourceVersionDate "2012.11.22"]
[SourceQuality "1"]
[WhiteTeam "Torokbalint"]
[BlackTeam "MAV Elore"]
[WhiteTeamCountry "HUN"]
[BlackTeamCountry "HUN"]

1. d4 d5 2. c4 c6 3. Nc3 Nf6 4. e3 e6 5. Nf3 Nbd7 6. cxd5 exd5 7. Bd3 Bd6 8. 0-0 0-0 9. Qc2 Re8 10. a3 a5 11. h3 g6 12. Re1 Qe7 13. e4 dxe4 14. Nxe4 Nxe4 15. Rxe4 Qd8 16. Bh6 Rxe4 17. Bxe4 Nf6 18. Bd3 Qc7 19. Re1 Bf8 20. Qd2 Qd6 21. Bc4 Bd7 22. Bxf8 Qxf8 23. Ng5 Nd5 24. Bxd5 cxd5 25. Nf3 Kg7 26. Ne5 Be6 27. g4 Qd6 28. g5 Bf5 29. h4 b6 30. Rc1 Rc8 31. Rxc8 Bxc8 32. Qc3 Bb7 33. Qh3 Qc7 34. Qf3 Qe7 35. Qg4 Qc7 36. Qf4 Qe7 37. Kg2 Bc8 38. Ng4 Qe6 39. Qf6+ Qxf6 40. Nxf6 Be6 41. Kg3 h6 42. Kf4 hxg5+ 43. hxg5 Kf8 44. Ke5 b5 45. Nxd5 Bh3 46. Kd6 Bf1 47. Kc5 f5 48. gxf6 Kf7 1-0

[Event "HUN-chT2 Breyer 1112"]
[Site "Hungary"]
[Date "2012.03.25"]
[Round "8.10"]
[White "Kozak, Tibor"]
[Black "Zalan, Janos"]
[Result "0-1"]
[WhiteElo "1796"]
[BlackElo "2001"]
[PlyCount "68"]
[EventDate "2011.09.25"]
[EventType "team-tourn"]
[EventRounds "11"]
[EventCountry "HUN"]
[SourceTitle "EXT 2013"]
[Source "ChessBase"]
[SourceDate "2012.11.22"]
[SourceVersion "1"]
[SourceVersionDate "2012.11.22"]
[SourceQuality "1"]
[WhiteTeam "MAV Elore"]
[BlackTeam "Gyor Komszomol"]
[WhiteTeamCountry "HUN"]
[BlackTeamCountry "HUN"]

1. e4 e5 2. Nf3 Nc6 3. Bb5 f5 4. Nc3 fxe4 5. Nxe4 d5 6. Nxe5 dxe4 7. Nxc6 Qg5 8. Qe2 Nf6 9. d4 Qxg2 10. Rf1 a6 11. Ba4 Bd7 12. d5 bxc6 13. dxc6 Bh3 14. Be3 Qxf1+ 15. Qxf1 Bxf1 16. Kxf1 Bd6 17. h3 Ke7 18. c4 Rhd8 19. Rb1 h6 20. b4 g5 21. Bc2 Be5 22. a4 Bd4 23. Bc1 Rab8 24. b5 axb5 25. cxb5 Bb6 26. Ba3+ Ke6 27. Bb4 Ra8 28. Bb3+ Kf5 29. Ra1 Ba5 30. Bc5 Rd3 31. Bd1 Rxh3 32. Rb1 Nd5 33. Kg2 Rd3 34. Bh5 Nf4+ 0-1

[Event "HUN-chT2 Breyer 1112"]
[Site "Hungary"]
[Date "2012.01.29"]
[Round "5.11"]
[White "Rigo, Bence"]
[Black "Kozak, Tibor"]
[Result "1/2-1/2"]
[WhiteElo "1796"]
[BlackElo "1796"]
[PlyCount "79"]
[EventDate "2011.09.25"]
[EventType "team-tourn"]
[EventRounds "11"]
[EventCountry "HUN"]
[SourceTitle "EXT 2013"]
[Source "ChessBase"]
[SourceDate "2012.11.22"]
[SourceVersion "1"]
[SourceVersionDate "2012.11.22"]
[SourceQuality "1"]
[WhiteTeam "Husi"]
[BlackTeam "MAV Elore"]
[WhiteTeamCountry "HUN"]
[BlackTeamCountry "HUN"]

1. e4 c5 2. Nf3 d6 3. d4 cxd4 4. Nxd4 Nf6 5. Nc3 a6 6. Bg5 e6 7. f4 Be7 8. f5 Nfd7 9. fxe6 Ne5 10. exf7+ Nxf7 11. Bxe7 Qxe7 12. Bc4 0-0 13. 0-0 Nc6 14. Nf5 Bxf5 15. exf5 Rad8 16. Qh5 d5 17. Bxd5 Rxd5 18. Nxd5 Qc5+ 19. Kh1 Qxd5 20. Qf3 Qxf3 21. Rxf3 Nfe5 22. Rf2 Rd8 23. h3 Kf7 24. g4 Kf6 25. Kg2 h5 26. gxh5 Rh8 27. Rd1 Rxh5 28. Rd6+ Ke7 29. Re6+ Kf7 30. Kg3 Nd7 31. Kg4 Rh8 32. h4 Nf6+ 33. Kg3 Rh5 34. c4 Rxf5 35. Rxf5 Kxe6 36. Kf4 g6 37. Rg5 Nh5+ 38. Ke4 Nf6+ 39. Kf4 Nh5+ 40. Ke4 1/2-1/2

[Event "HUN-chT2 Asztalos 1011"]
[Site "Hungary"]
[Date "2011.04.10"]
[Round "8.10"]
[White "Nagy, Imre"]
[Black "Kozak, Tibor"]
[Result "1/2-1/2"]
[WhiteElo "2144"]
[BlackElo "1781"]
[PlyCount "89"]
[EventDate "2010.09.12"]
[EventType "team-tourn"]
[EventRounds "11"]
[EventCountry "HUN"]
[SourceTitle "EXT 2012"]
[Source "ChessBase"]
[SourceDate "2011.11.24"]
[SourceVersion "1"]
[SourceVersionDate "2011.11.24"]
[SourceQuality "1"]
[WhiteTeam "Komlo"]
[BlackTeam "Szekesfehervar"]
[WhiteTeamCountry "HUN"]
[BlackTeamCountry "HUN"]

1. e4 c5 2. Nf3 d6 3. Bc4 e6 4. Qe2 Nc6 5. c3 Ne5 6. Bb5+ Bd7 7. Bxd7+ Qxd7 8. d4 Nxf3+ 9. Qxf3 g6 10. 0-0 Bg7 11. Rd1 Qc7 12. Be3 Ne7 13. Nd2 0-0 14. dxc5 dxc5 15. a4 b6 16. Nc4 e5 17. Rd3 Rad8 18. Rad1 Rxd3 19. Rxd3 Rd8 20. Qd1 Rxd3 21. Qxd3 Nc6 22. Qd5 Bf8 23. Bg5 Kg7 24. Qd2 Be7 25. h4 Kf8 26. h5 Ke8 27. hxg6 hxg6 28. Bxe7 Kxe7 29. Qg5+ Ke6 30. f4 exf4 31. Qd5+ Kf6 32. Nd6 Qd7 33. e5+ Kg7 34. Kf2 Nd8 35. Qe4 Ne6 36. Qa8 Qxa4 37. Ne8+ Kh6 38. Nf6 Qc2+ 39. Kg1 Qd1+ 40. Kh2 Kg5 41. Qxa7 Qe1 42. Qe7 Qg3+ 43. Kg1 Qe1+ 44. Kh2 Qg3+ 45. Kg1 1/2-1/2

[Event "HUN-chT2 Asztalos 1011"]
[Site "Hungary"]
[Date "2011.03.27"]
[Round "7.10"]
[White "Kozak, Tibor"]
[Black "Bozsoki, Balazs"]
[Result "1/2-1/2"]
[WhiteElo "1781"]
[BlackElo "1720"]
[PlyCount "85"]
[EventDate "2010.09.12"]
[EventType "team-tourn"]
[EventRounds "11"]
[EventCountry "HUN"]
[SourceTitle "EXT 2012"]
[Source "ChessBase"]
[SourceDate "2011.11.24"]
[SourceVersion "1"]
[SourceVersionDate "2011.11.24"]
[SourceQuality "1"]
[WhiteTeam "Szekesfehervar"]
[BlackTeam "Kaposvar Bastya"]
[WhiteTeamCountry "HUN"]
[BlackTeamCountry "HUN"]

1. e4 e5 2. Nf3 Nc6 3. Bb5 a6 4. Ba4 Nf6 5. 0-0 Be7 6. Re1 d6 7. c3 b5 8. Bc2 Bg4 9. h3 Bh5 10. d4 exd4 11. cxd4 Bxf3 12. gxf3 0-0 13. Nc3 Nd7 14. f4 Rc8 15. Be3 Nb4 16. Bb1 Nc6 17. Nd5 Nb6 18. Nxb6 cxb6 19. d5 Na5 20. Bd3 Nc4 21. Bxc4 Rxc4 22. f3 f5 23. e5 dxe5 24. fxe5 f4 25. Bf2 Bc5 26. Re2 Bxf2+ 27. Rxf2 Qg5+ 28. Rg2 Qxe5 29. Rd2 Rd8 30. Qe1 Qf6 31. Rad1 Rd6 32. Qe8+ Qf8 33. Qe5 a5 34. Rd4 Rg6+ 35. Kf2 Rc2+ 36. R1d2 Rxd2+ 37. Rxd2 Qc5+ 38. Qd4 Rd6 39. Ke2 Qc4+ 40. Kf2 h6 41. Qe4 Qc5+ 42. Ke2 Qc4+ 43. Kf2 1/2-1/2